|
|
|
|
| LEADER |
00000nla2a2200000 4500 |
| 001 |
661024 |
| 005 |
20240202131633.0 |
| 035 |
|
|
|a (RuTPU)RU\TPU\network\31229
|
| 035 |
|
|
|a RU\TPU\network\31228
|
| 090 |
|
|
|a 661024
|
| 100 |
|
|
|a 20191118a2019 k y0rusy50 ca
|
| 101 |
0 |
|
|a rus
|
| 102 |
|
|
|a RU
|
| 105 |
|
|
|a y z 100zy
|
| 135 |
|
|
|a drgn ---uucaa
|
| 181 |
|
0 |
|a i
|
| 182 |
|
0 |
|a b
|
| 200 |
1 |
|
|a Закономерности накопления и диссипации энергии в процессе пластической деформации сплавов ВТ1-0 и Zr-1Nb в крупнокристаллическом и ультрамелкозернистом состояниях
|f Ю. П. Шаркеев [и др.]
|
| 203 |
|
|
|a Текст
|c электронный
|
| 225 |
1 |
|
|a Неустойчивость и локализация деформации и разрушения в материалах с иерархической структурой
|
| 300 |
|
|
|a Заглавие с экрана
|
| 333 |
|
|
|a Режим доступа: по договору с организацией-держателем ресурса
|
| 463 |
|
0 |
|0 (RuTPU)RU\TPU\network\31158
|t Иерархические материалы: разработка и приложения для новых технологий и надежных конструкций
|o международный междисциплинарный симпозиум, 1-5 октября 2019 г., Томск, Россия
|o тезисы докладов International Workshop "Multiscale Biomechanics and Tribology of Inorganic and Organic Systems"
|o тезисы докладов международной конференции "Перспективные материалы с иерархической структурой для новых технологий и надежных конструкций"
|o тезисы докладов международной конференции "Химия нефти и газа: добыча, подготовка, транспорт нефти и газа"
|f Российская академия наук (РАН), Сибирское отделение (СО), Институт физики прочности и материаловедения (ИФПМ) ; Институт химии нефти (ИХН)
|v [С. 103]
|d 2019
|
| 610 |
1 |
|
|a электронный ресурс
|
| 610 |
1 |
|
|a труды учёных ТПУ
|
| 610 |
1 |
|
|a закономерности
|
| 610 |
1 |
|
|a накопление
|
| 610 |
1 |
|
|a диссипация
|
| 610 |
1 |
|
|a энергия
|
| 610 |
1 |
|
|a пластические деформации
|
| 610 |
1 |
|
|a сплавы
|
| 610 |
1 |
|
|a крупнокристаллические состояния
|
| 610 |
1 |
|
|a ультрамелкозернистые состояния
|
| 610 |
1 |
|
|a отжиг
|
| 701 |
|
1 |
|a Шаркеев
|b Ю. П.
|c физик
|c профессор Томского политехнического университета, доктор физико-математических наук
|f 1950-
|g Юрий Петрович
|3 (RuTPU)RU\TPU\pers\31437
|9 15599
|
| 701 |
|
1 |
|a Легостаева
|b Е. В.
|
| 701 |
|
1 |
|a Вавилов
|b В. П.
|c специалист в области неразрушающего контроля
|c профессор Томского политехнического университета, доктор технических наук
|f 1949-
|g Владимир Платонович
|3 (RuTPU)RU\TPU\pers\19772
|9 7710
|
| 701 |
|
1 |
|a Скрипняк
|b В. А.
|
| 701 |
|
1 |
|a Белявская
|b О. А.
|
| 701 |
|
1 |
|a Чулков
|b А. О.
|c специалист в области неразрушающего контроля
|c заместитель директора по научно-образовательной деятельности; исполняющий обязанности руководителя; старший научный сотрудник Томского политехнического университета, кандидат технических наук
|f 1989-
|g Арсений Олегович
|3 (RuTPU)RU\TPU\pers\32217
|9 16217
|
| 701 |
|
1 |
|a Козулин
|b А. А.
|
| 701 |
|
1 |
|a Скрипняк
|b В. В.
|
| 701 |
|
1 |
|a Ерошенко
|b А. Ю.
|
| 712 |
0 |
2 |
|a Национальный исследовательский Томский политехнический университет
|b Исследовательская школа физики высокоэнергетических процессов
|c (2017- )
|3 (RuTPU)RU\TPU\col\23551
|
| 712 |
0 |
2 |
|a Национальный исследовательский Томский политехнический университет
|b Инженерная школа неразрушающего контроля и безопасности
|b Центр промышленной томографии
|b Научно-производственная лаборатория "Тепловой контроль"
|3 (RuTPU)RU\TPU\col\23838
|
| 801 |
|
2 |
|a RU
|b 63413507
|c 20191121
|g RCR
|
| 856 |
4 |
|
|u https://elibrary.ru/item.asp?id=41206906
|
| 942 |
|
|
|c CF
|